MARC

LEADER 00000nam0a2200000 4500
001 131333
005 20231031134403.0
020 |a RU  |b 90-73634 
035 |a (RuTPU)RU\TPU\book\142250 
090 |a 131333 
100 |a 20080215d1988 m a0rusy5003 ca 
101 0 |a rus 
102 |a RU 
105 |a a j 001zy 
200 1 |a Построение логических моделей химико-технологических объектов (первичные и исходные модели)  |e учебное пособие  |f В. З. Магергут, С. А. Юдицкий, В. Л. Перов  |g Московский химико-технологический институт им. Д. И. Менделеева (МХТИ) 
210 |a Москва  |c МХТИ  |d 1988 
215 |a 80 с.  |c ил. 
320 |a Библиогр.: с. 77. 
610 1 |a химическая технология 
610 1 |a построение 
610 1 |a логические модели 
610 1 |a химико-технологические объекты 
610 1 |a учебные пособия 
610 1 |a алгебра логики 
675 |a 66.011(075.8)  |v 3 
700 1 |a Магергут  |b В. З.  |g Валерий Залманович 
701 1 |a Юдицкий  |b С. А.  |g Семен Абрамович 
701 1 |a Перов  |b В. Л.  |g Владимир Леонидович 
712 0 2 |a Московский химико-технологический институт им. Д. И. Менделеева (МХТИ)  |2 stltpush  |3 (RuTPU)RU\TPU\col\1701 
801 0 |a RU  |b RuMRKP  |c 19950417  |g psbo 
801 1 |a RU  |b 63413507  |c 20080215  |g PSBO 
801 2 |a RU  |b 63413507  |c 20081229  |g PSBO 
942 |c BK